000 00681 a2200193 4500
010 _aENG-85609
020 _c150.00
_a812591904X
035 _aEN-69142
037 _bD.B.Act / Pub
082 1 4 _a650.1
090 _c3235
_d3235
100 1 _aSetty, Rajesh
245 1 _aBeyond code
_cby Rajesh Setty
_blearn to distinguish yourself in 9 steps
260 _aNew Delhi
_bVikas Publishing House
_c2006
270 _a576, Masjid Road, Jangpura
_bNew Delhi
_cDelhi
_e110014
_k24376605
_mhelpline@vikaspublishing.com
300 _axvi, 127 p.
_c23 cm. (Pbk)
942 _adpl
_cEN
_k650.1 / SET
999 _c3173
_d3173